Search the Library Catalogue
| 000 -LEADER | |
|---|---|
| fixed length control field | 00669nam a2200217Ia 4500 |
| 008 - FIXED-LENGTH DATA ELEMENTS--GENERAL INFORMATION | |
| fixed length control field | 191130s2009##################000#0#eng## |
| 020 ## - INTERNATIONAL STANDARD BOOK NUMBER | |
| ISBN | 9780071635585 |
| 082 ## - DEWEY DECIMAL CLASSIFICATION NUMBER | |
| Classification number | 333.3383 IRW |
| 100 ## - MAIN ENTRY--AUTHOR NAME | |
| Personal name | Irwin, Robert |
| 245 ## - TITLE STATEMENT | |
| Title | How to use a short sale to stop home foreclosure and protect your finances |
| Statement of responsibility, etc | Robert Irwin |
| 260 ## - PUBLICATION, DISTRIBUTION, ETC. (IMPRINT) | |
| Place of publication | New York |
| Name of publisher | McGraw-Hill |
| Year of publication | c2009 |
| 300 ## - PHYSICAL DESCRIPTION | |
| Number of Pages | xii, 194 p. ; 23 cm |
| 650 ## - SUBJECT ADDED ENTRY--TOPICAL TERM | |
| Topical Term | Foreclosure - United States |
| Topical Term | House selling - United States |
| Topical Term | Mortgage loans - United States |
| 991 ## - | |
| -- | 203329 |
| Withdrawn status | Lost status | Damaged status | Not for loan | Home library | Current library | Shelving location | Date acquired | Full call number | Accession Number | Price effective from | Koha item type |
|---|---|---|---|---|---|---|---|---|---|---|---|
| Anna Centenary Library | Anna Centenary Library | 4TH FLOOR, A WING | 13.10.2020 | 333.3383 IRW | 405043 | 13.10.2020 | English Books |